| 000 | 00884nam a2200265 a 4500 | ||
|---|---|---|---|
| 005 | 20230602064036.0 | ||
| 008 | 170620s2008 ur r 000 0 spa d | ||
| 020 | _a9789974679290 | ||
| 035 | _aUPN01000218909 | ||
| 049 | _aI | ||
| 050 | 4 |
_aBJ1631 _bA7.2 |
|
| 100 | 1 |
_aArispe, Nelly _933103 |
|
| 245 | 1 | 0 |
_aCampamento de aventuras / _cNelly Arispe, Blanca Varela, Hernán Sorhuet ; ed. Juan Carlos Porta ; il. Miguel Casalás. |
| 260 |
_aUruguay : _bLatinbooks, _c2008. |
||
| 300 |
_a16 p. : _bil. col. |
||
| 440 | 0 | _aCuentos ambientales | |
| 650 | 4 |
_aVALORES - _vLITERATURA INFANTIL _921634 |
|
| 650 | 4 |
_aSocialización del niño _93953 |
|
| 650 | 4 |
_aECOLOGIA - _vLITERATURA INFANTIL _923452 |
|
| 650 | 7 |
_aAmistad entre niños _2 _94319 |
|
| 700 | 1 |
_aVarela, Blanca, _ecoaut. |
|
| 700 | 1 |
_aSorhuet, Hernán, _ecoaut. |
|
| 700 | 1 |
_aPorta, Juan Carlos, _eed. |
|
| 905 | _aInfantil | ||
| 999 |
_c191009 _d191009 |
||